| 000 | 01315cam a2200325 a 4500 | ||
|---|---|---|---|
| 001 | 12741840 | ||
| 003 | NUST - PNEC | ||
| 005 | 20170116181140.0 | ||
| 008 | 020415s2002 nyua b 001 0 eng | ||
| 010 | _a 2002278462 | ||
| 020 | _a0471427608 | ||
| 020 | _a0471400513 | ||
| 040 |
_aDLC _cLIBRARY _dDLC |
||
| 050 | 0 | 0 |
_aTS183 _b.G78 2002 |
| 082 | 0 | 0 | _a670.42 GRO |
| 100 | 1 |
_aGroover, Mikell P., _d1939- |
|
| 245 | 1 | 0 |
_aFundamentals of modern manufacturing : _bmaterials, processes, and systems / _cMikell P. Groover. |
| 250 | _a2nd ed. | ||
| 260 |
_aNew York : _bJohn Wiley & Sons, _cc2002. |
||
| 300 |
_ax, 1008 p. : _bill. (some col.) ; _c26 cm. |
||
| 504 | _aIncludes bibliographical references and index. | ||
| 650 | 0 |
_aManufacturing processes. _xIME |
|
| 650 | 0 | _aProduction engineering. | |
| 856 | 4 | 2 |
_3Contributor biographical information _uhttp://www.loc.gov/catdir/bios/wiley042/2002278462.html |
| 856 | 4 | 2 |
_3Publisher description _uhttp://www.loc.gov/catdir/description/wiley035/2002278462.html |
| 856 | 4 | 1 |
_3Table of contents _uhttp://www.loc.gov/catdir/toc/wiley022/2002278462.html |
| 906 |
_a7 _bcbc _corigcop _d2 _encip _f20 _gy-gencatlg |
||
| 942 |
_2ddc _cBK |
||
| 999 |
_c70475 _d70475 |
||